[Event "Sao Jose dos Campos IRT op"]
[Site "Sao Jose dos Campos"]
[Date "2020.12.20"]
[Round "5"]
[White "Costa, Lucas Paiva Da"]
[Black "Sampaio, Andre Luiz"]
[Result "0-1"]
[WhiteElo "1323"]
[BlackElo "1670"]
[PlyCount "72"]
[EventDate "2020.12.18"]
[EventType "swiss"]
[EventRounds "5"]
[EventCountry "BRA"]
[SourceTitle "EXT 2022"]
[Source "ChessBase"]
[SourceDate "2021.10.06"]
[SourceVersion "1"]
[SourceVersionDate "2021.10.06"]
[SourceQuality "1"]

1. d4 d5 2. c4 e6 3. Nc3 Be7 4. cxd5 exd5 5. Nf3 Nf6 6. Bg5 c6 7. e3 h6 8. Bh4 Nbd7 9. Bd3 0-0 10. Qc2 Re8 11. 0-0 Nf8 12. a3 Bg4 13. Ne5 Be6 14. b4 a6 15. Na4 Ng4 16. Bxe7 Qxe7 17. Nf3 Nd7 18. h3 Ngf6 19. Nc5 Nxc5 20. bxc5 Rad8 21. Rfb1 Bc8 22. Ne5 Nd7 23. Nxd7 Bxd7 24. Rxb7 Qg5 25. Kh1 Re6 26. Rab1 g6 27. Bxa6 Rf6 28. Bf1 Qh4 29. R1b2 Bf5 30. Qd2 Kg7 31. Kh2 g5 32. g3 Qh5 33. Be2 Qxh3+ 34. Kg1 Be4 35. f3 Qxg3+ 36. Kf1 Bxf3 0-1

[Event "Sao Jose dos Campos IRT op"]
[Site "Sao Jose dos Campos"]
[Date "2020.12.20"]
[Round "4"]
[White "Flores, Clarice Soares Leit"]
[Black "Costa, Lucas Paiva Da"]
[Result "0-1"]
[WhiteElo "1518"]
[BlackElo "1323"]
[PlyCount "86"]
[EventDate "2020.12.18"]
[EventType "swiss"]
[EventRounds "5"]
[EventCountry "BRA"]
[SourceTitle "EXT 2022"]
[Source "ChessBase"]
[SourceDate "2021.10.06"]
[SourceVersion "1"]
[SourceVersionDate "2021.10.06"]
[SourceQuality "1"]

1. d4 Nf6 2. Nf3 d5 3. Bf4 c5 4. c3 Nc6 5. e3 Qb6 6. Qb3 c4 7. Qc2 Bf5 8. Qc1 e6 9. Nbd2 Be7 10. h3 Nd7 11. e4 Bg6 12. Be2 0-0 13. 0-0 Nf6 14. e5 Ne4 15. Nxe4 Bxe4 16. Nd2 Bg6 17. Bd1 Qc7 18. Bh2 b5 19. a3 a5 20. Bc2 Bxc2 21. Qxc2 b4 22. f4 Qd7 23. g4 bxc3 24. bxc3 f5 25. exf6 Bxf6 26. Rf3 Nxd4 27. cxd4 Bxd4+ 28. Kh1 Bxa1 29. Bg1 Be5 30. fxe5 Rxf3 31. Nxf3 Qe7 32. Qc3 Qf7 33. Ng5 Qg6 34. Be3 h6 35. Nf3 Qe4 36. Kg2 Rf8 37. Bc5 Rf7 38. Kg3 Qf4+ 39. Kg2 Rb7 40. Qxa5 Rb2+ 41. Bf2 Rb3 42. Nd2 Rd3 43. Be1 Qe3 0-1

[Event "Sao Paulo Haroldo Salles op"]
[Site "Sao Paulo"]
[Date "2019.05.09"]
[Round "2.23"]
[White "Costa, Lucas Paiva Da"]
[Black "Nobetani, Rodrigo Massato"]
[Result "0-1"]
[WhiteElo "1292"]
[BlackElo "1767"]
[PlyCount "65"]
[EventDate "2019.05.09"]
[EventType "swiss"]
[EventRounds "6"]
[EventCountry "BRA"]
[SourceTitle "EXT 2022"]
[Source "ChessBase"]
[SourceDate "2021.10.06"]
[SourceVersion "1"]
[SourceVersionDate "2021.10.06"]
[SourceQuality "1"]

1. Nf3 d5 2. g3 Nc6 3. d4 Nf6 4. Bg2 Bf5 5. a3 e6 6. Nbd2 Bd6 7. 0-0 0-0 8. c4 b6 9. cxd5 exd5 10. b4 Ne7 11. Re1 c5 12. dxc5 bxc5 13. bxc5 Bxc5 14. Nb3 Bb6 15. Nfd4 Be6 16. Bg5 Rc8 17. Nxe6 fxe6 18. Bh3 Qd7 19. Nd4 Bxd4 20. Qxd4 Ne4 21. Be3 Nc6 22. Qd1 Ne5 23. Rf1 Nc4 24. Bc1 Qf7 25. f3 Nc5 26. Bd2 Qh5 27. Bg4 Qe5 28. Bf4 Qc3 29. Qc1 Qd4+ 30. e3 Qf6 31. e4 Nb3 32. Qd1 Nxa1 33. Qxa1 0-1